Design and testing of electrical machines (Record no. 23295)

000 -LEADER
fixed length control field 00477nam a22001817a 4500
001 - CONTROL NUMBER
control field 23295
003 - CONTROL NUMBER IDENTIFIER
control field BD-DhUET
008 - FIXED-LENGTH DATA ELEMENTS--GENERAL INFORMATION
fixed length control field 150503b xxu||||| |||| 00| 0 eng d
040 ## - CATALOGING SOURCE
Original cataloging agency DLC
Transcribing agency DLC
Modifying agency BD-DhUET
082 ## - DEWEY DECIMAL CLASSIFICATION NUMBER
Classification number 623.13072
Item number DES/1983
100 ## - MAIN ENTRY--PERSONAL NAME
Personal name Deshpande, M. V.
245 ## - TITLE STATEMENT
Title Design and testing of electrical machines
250 ## - EDITION STATEMENT
Edition statement 1st ed.
260 ## - PUBLICATION, DISTRIBUTION, ETC. (IMPRINT)
Place of publication, distribution, etc. Allahabad
Name of publisher, distributor, etc. Wheeler
Date of publication, distribution, etc. 1983
300 ## - PHYSICAL DESCRIPTION
Extent xvi, 516 p.
Other physical details ill.
650 #0 - SUBJECT ADDED ENTRY--TOPICAL TERM
Topical term or geographic name as entry element Electrical machinery experiments
942 ## - ADDED ENTRY ELEMENTS (KOHA)
Koha item type General Book
Holdings
Shelving location Koha item type Piece designation (barcode) Koha normalized classification for sorting Lost status Source of classification or shelving scheme Sublocation or collection (holding branch) Damaged status Price effective from Not for loan Koha date last seen Koha full call number Withdrawn status Date acquired Copy number Location (home branch)
Circulation sectionGeneral Book72434623_130720000000000_DES_1983  Central Library, BUET 2015-05-03 2015-05-03623.13072/DES/1983 2015-05-031Central Library, BUET
Circulation sectionGeneral Book72432623_130720000000000_DES_1983  Central Library, BUET 2015-05-03 2015-05-03623.13072/DES/1983 2015-05-032Central Library, BUET
Circulation sectionGeneral Book72431623_130720000000000_DES_1983  Central Library, BUET 2015-05-03 2016-04-11623.13072/DES/1983 2015-05-033Central Library, BUET
Circulation sectionGeneral Book72433623_130720000000000_DES_1983  Central Library, BUET 2015-05-03 2015-05-03623.13072/DES/1983 2015-05-034Central Library, BUET
Reading sectionReading Item72435623_130720000000000_DES_1983  Central Library, BUET 2015-06-28 2015-06-28623.13072/DES/1983 2015-06-285Central Library, BUET
Reading sectionReading Item72683623_130720000000000_DES_1983  Central Library, BUET 2015-06-28 2015-06-28623.13072/DES/1983 2015-06-286Central Library, BUET